Statistics for Biggest Cities in Russia

Click here to take the quiz!

General Stats

  • This quiz has been taken 42 times
  • The average score is 12 of 15

Answer Stats

PopulationCity (in Russian)City% Correct
12,480,481МоскваMoscow
100%
5,398,064Санкт-ПетербургSt. Petersburg
97%
1,154,507ОмскOmsk
92%
1,156,659СамараSamara
84%
1,252,236Нижний НовгородNizhny Novgorod
82%
1,493,749ЕкатеринбургYekaterinburg
82%
1,257,391КазаньKazan
79%
1,625,631НовосибирскNovosibirsk
79%
1,055,397ПермьPerm
76%
1,128,787УфаUfa
76%
1,137,904Ростов-на-ДонуRostov-On-Don
74%
1,008,998ВолгоградVolgograd
71%
1,196,680ЧелябинскChelyabinsk
66%
1,058,261ВоронежVoronezh
66%
1,093,771КрасноярскKrasnoyarsk
63%

Score Distribution

Percentile by Number Answered

Percent of People with Each Score

Your Score History

You have not taken this quiz